000 00563nam a2200193Ia 4500
005 20250508151122.0
008 008 250505s9999 xx 000 0 eng d
037 _aTextual
040 _aFEDL
_beng
_cFEDL
041 _aeng
_2eng
084 _a021.62, SHA
_qFEDL
100 _aSharp Henery A
_9758448
245 0 _aBranch libraries: Modern problems and administration
260 _aLondon, UK
_bGeorge Allen and Unwin Ltd.
_c1938
300 _a134p.
650 _aLibrary Science
942 _cTEXL
_h021.62, SHA
999 _c1327694
_d1327694